History Quiz

Random History or Century Quiz

Which 20th Century Decade? Quiz Stats

 Plays Quiz Updated Jun 1, 2018

Score 0/10 Timer 04:00
10 Plays Today
Question Answer Wrong Answers
Which event took place in the 1960s? March on Washington
91%
Nuremberg Trials
1.6%
Richard Nixon Resigns
4%
Fall of Saigon
2.1%
Which event took place in the 1940s? D-Day
89.7%
First Mt.Everest Ascent
1.8%
First Televised Presidential Debate
1.7%
Roger Bannister's Four Minute Mile
5.7%
Which event took place in the 1950s? Rosa Parks Bus Seat
80.2%
Assassination of JFK
4.8%
The Moon Landing
2.4%
V-J Day in Times Square
11.4%
Which event took place in the 1920s? Lindbergh's Trans-Atlantic Flight
80.2%
President Truman Defeats Dewey
8.1%
Assassination of Franz Ferdinand
7.6%
Raising the Flag on Iwo Jima
3.6%
Which event took place in the 1900s? Wright Brothers' First Flight
76.4%
Hindenburg Disaster
8.7%
Sinking of the Titanic
10.6%
World War I
4.3%
Which event took place in the 1990s? Funeral of Princess Diana
74.8%
Fall of the Berlin Wall
13.8%
Helmet Catch
2.1%
Firdos Square Statue Destruction
7.3%
Which event took place in the 1910s? October Revolution
68.2%
Great Depression
6.6%
Civil War
9.9%
Assassination of President Mckinley
15%
Which event took place in the 1980s? Tiananmen Square Protests
67.4%
Nelson Mandela Released from Prison
14.3%
Mexico City Olympics Black Power Salute
11.6%
Kent State Shootings
4.9%
Which event took place in the 1970s? Camp David Accords
65%
Cuban Revolution
19.5%
England Wins the World Cup
7.6%
Attempted Assassination of Ronald Reagan
6.3%
Which event took place in the 1930s? Salt March
42.5%
Atomic Bombing of Hiroshima
3.8%
Discovery of King Tut's Tomb
39.5%
Yalta Conference
13.4%

You're not logged in!

Compare scores with friends on all Sporcle quizzes.
OR
Log In

Sporcle TV

Today on Sporcle TV


Watch our educational content, quiz creation guides, and fun videos on Sporcle TV.

Show Comments

Extras

Top Quizzes Today


Score Distribution

Your Account Isn't Verified!

In order to create a playlist on Sporcle, you need to verify the email address you used during registration. Go to your Sporcle Settings to finish the process.

Report this User

Report this user for behavior that violates our Community Guidelines.

Details: